000 01234cam a22003374i 4500
001 14266761
003 EG-ScBUE
005 20251221105710.0
008 060215t2006 flua f b 001 0 eng
020 _a0849373840 (hardcover : acidfree paper)
020 _a9780849373848
035 _a(OCoLC)ocm64289434
040 _aEG-ScBUE
_beng
_erda
_cEG-ScBUE
_dEG-ScBUE
082 0 4 _a547.7
_222
_bCHA
100 1 _aChandra, Manas,
_d1940-
_eauthor.
245 1 0 _aIntroduction to polymer science and chemistry :
_ba problem solving approach /
_cManas Chandra.
264 1 _aBoca Raton, Florida :
_bCRC / Taylor & Francis Group,
_c[2006]
264 4 _cc2006
300 _axviii, 640 pages :
_billustrations ;
_c25 cm
336 _2rdacontent
_atext
_btxt
337 _aunmediated
_2rdamedia
_bn
338 _avolume
_bnc
_2rdacarrier
504 _aIncludes bibliographical references and index.
650 7 _aPolymers.
_2BUEsh
650 7 _aPolymerization.
_2BUEsh
650 7 _aPolymers
_vProblems, exercises, etc.
_2BUEsh
650 7 _aPolymerization
_vProblems, exercises, etc.
_2BUEsh
655 _vReading book
856 4 2 _3Publisher description
_uhttp://www.loc.gov/catdir/enhancements/fy0703/2006040490-d.html
942 _2ddc
_cBB
999 _c10395
_d10395